000 00360nam a2200145Ia 4500
008 191201s2008 xx 000 0 und d
082 _a658.4012
_bGUB
100 _aJAUCH, Lawrence R.
245 0 _aBusiness Policy and Strategic Management
250 _aRep.
260 _aN.Delhi
_bFrank Bross Co.
_c2008
300 _a738
650 _aMBA
942 _2ddc
_cBK
999 _c3582
_d3582